000 00547cam a2200145 4500500
005 20251012021704.0
041 _afre
042 _adc
100 1 0 _aProtais, Baptiste
_eauthor
245 0 0 _aGérard Bensussan Des sadiques au cœur pur Sur l’antisionisme contemporain. Hermann, « Le bel aujourd’hui », 2025, 174 pages, 19 €.
260 _c2025.
500 _a91
786 0 _nÉtudes | - | 9 | 2025-09-01 | p. 139-139 | 0014-1941
856 4 1 _uhttps://shs.cairn.info/revue-etudes-2025-9-page-139?lang=fr&redirect-ssocas=7080
999 _c1539179
_d1539179